Prima Lettera delle Città Spagnole - Statistics

Statistiche generali
  • Questo quiz è stato fatto 106 volte
  • Il punteggio medio è 15 su 24
Statistiche sulle risposte
Hint Risposta % Corretto
_as Palmas de Gran Canaria L
97%
_alma di Maiorca P
97%
_arcellona B
96%
_adrid M
96%
_iviglia S
96%
_alencia V
96%
_licante A
95%
_ordova C
89%
_viedo O
84%
_lche E
75%
_errassa T
68%
_uart de Poblet Q
60%
_amora Z
60%
_ijón G
59%
_os Hermanas D
55%
_uelva H
55%
_erez de la Frontera J
53%
_trera U
36%
_uenlabrada F
34%
_run I
22%
_eus R
22%
_arón N
15%
_ecla Y
11%
_àtiva X
7%
Nessun quiz corrispondente trovato
Distribuzione punteggi
Percentuale di utenti per punteggio
Percentile per numero di risposta
I tuoi punteggi nel tempo
Non hai fatto questo quiz